Economics / (Record no. 1375)

MARC details
000 -LEADER
fixed length control field 01505nas a2200181 a 4500
020 ## - INTERNATIONAL STANDARD BOOK NUMBER
ISBN 9780256171921
022 ## - INTERNATIONAL STANDARD SERIAL NUMBER
ISSN 1117-871X
022 ## - INTERNATIONAL STANDARD SERIAL NUMBER
ISSN 0256171921
050 ## - CALL NUMBER
Classification number HB171.5
Item number .S6276
100 ## - AUTHOR
Personal name Stephen L. Slavin.
245 00 - TITLE
Title Economics /
Statement of responsibility, etc Stephen L. Slavin.
250 ## - EDITION
Edition statement 4th ed.
260 ## - PUBLICATION INFORMATION
Place of publication Chicago ; Bogota ; Boston ; [etc.] :
Name of publisher Irwin,
Year of publication 1996.
300 ## - DESCRIPTION
Number of Pages XVI, 821 p. :
Other physical details graf., fig. ;
Dimensions 28 cm
500 ## - NOTES
General note Includes index.
505 ## - FORMATTED CONTENTS NOTE
Table of Content 1 A BRIEF ECONOMIC HISTORY OF THE UNITED STATES 2 RESOURCE UTILIZATION 3 SUPPLY AND DEMAND 4 THE MIXED ECONOMY 5 THE CONSUMPTION SECTOR 6 THE BUSINESS-INVESTMENT SECTOR 7 THE GOVERNMENT SECTOR 8 GROSS DOMESTIC PRODUCT 9 ECONOMIC FLUCTUATIONS, UNEMPLOYMENT, AND INFLATION 10 CLASSICAL AND KEYNESIAN ECONOMICS 11 FISCAL POLICY AND THE NATIONAL DEBT 12 MONEY AND BANKING 13 THE FEDERAL RESERVE AND MONETARY POLICY 14 TWENTIETH - CENTURY ECONOMIC THEORY 15 A GUIDE TO MICROPOLICY 16 ECONOMIC GROWTH AND PRODUCTIVITY 17 APPLICATION IN DEMAND AND SUPPLY, 18 THE ELASTICITIES OF DEMAND AND SUPPLY 19 UTILITY AND CONSUMPTION SUPPLY 20 SUPPLY 21 COST AND PROFIT, 22 SUPPLY IN THE SHORT RUN AND THE LONG 23 PERFECT COMPETITION 24 MONOPOLY 25 MONOPOLISTIC COMPETITION 26 OLIGOPOLY <br/>27 THE FOUR TYPES OF COMPETITION<br/>28 CORPORATE MERGERS AND ANTITRUST 29 DEMAND IN THE FACTOR MARKET 30 LABOR UNIONS<br/> 31 LABOR MARKETS AND WAGE RATES 32 RENT, INTEREST, AND PROFIT 33 INCOME DISTRIBUTION AND POVERTY 34 INTERNATIONAL TRADE 35 INTERNATIONAL FINANCE<br/>
942 ## - ADDED ENTRY ELEMENTS (KOHA)
Koha item type Books
Holdings
Withdrawn status Lost status Home library Current library Shelving location Date acquired Full call number Accession Number Copy number Koha item type Collection code
    Methodist University Library Main Methodist University Library Main General Stacks 11/12/2017 HB171.5 .S6276 11170 1 Books  
    Methodist University Library Main Methodist University Library Main General Stacks 11/12/2017 HB171.5 .S6276 11178 2 Books  
    Methodist University Library Main Methodist University Library Main General Stacks 09/01/2018 HB171.5 .S6276 11167 3 Books Reference
    Methodist University Library Main Methodist University Library Main General Stacks 09/01/2018 HB171.5 .S6276 11169 4 Books Reference
    Methodist University Library Main Methodist University Library Main General Stacks 09/01/2018 HB171.5 .S6276 11174 5 Books  
    Methodist University Library Main Methodist University Library Main General Stacks 09/01/2018 HB171.5 .S6276 11173 6 Books  
    Methodist University Library Main Methodist University Library Main General Stacks 09/01/2018 HB171.5 .S6276 11168 7 Books  
    Methodist University Library Main Methodist University Library Main General Stacks 09/01/2018 HB171.5 .S6276 11171 8 Books  
    Methodist University Library Main Methodist University Library Main General Stacks 09/01/2018 HB171.5 .S6276 11176 9 Books  
    Methodist University Library Main Methodist University Library Main General Stacks 09/01/2018 HB171.5 .S6276 11175 10 Books  
Copyright © 2026  MUG Library